000 00745cam a2200229 a 4500
001 000001671
005 20200929145645.0
008 760429s1975 onca 000 0 eng
020 _a0770513204
020 _a0770513492
035 _a(DLC) 76359636
040 _aDO-SdBNP
_cDLC
_dDLC
_dBNPHU
050 0 0 _aE78.C2
_bD43
082 _a971/.004/97
_bD515n
100 1 _aDewdney, Selwyn H.,
_d1909-1979.
_95432
245 1 0 _aThey shared to survive :
_bthe native peoples of Canada /
_cSelwyn Dewdney ; ilustración, Franklin Arbuckle.
260 _aToronto, (Canadá) :
_bMacmillian,
_cc1975.
300 _a210 p. :
_bil. ;
_c24 cm.
650 0 _aIndians of north america
_zCanada.
_95433
910 _aCatalogación por copia / LC
049 _aBNGR
999 _c1552
_d1552